000 00331nam a2200121Ia 4500
008 220204s9999 xx 000 0 und d
082 _a054
_bLAV
100 _aLavoisier, Antoine
245 0 _aElements of chemistry:Analytical theory of heat
260 _aChicago
_bEncyclopedia Britanica
_c1952
505 _aSet price
942 _cBK
999 _c36172
_d36172